000 00753pam a2200229 a 4500
001 1053606
005 20180215074455.0
008 900228s1990 nyu b 001 0 eng
010 _a 90033575
020 _a0898624347 (alk. paper)
040 _aDLC
_cDLC
_dDLC
041 _aeng
080 _a616.858 BEC
082 0 0 _a616.858 BEC
_220
100 1 _a48
101 _aPSI
245 1 0 _aCognitive therapy of personality disorders /
_cAaron T. Beck, Arthur Freeman, and associates.
504 _aIncludes bibliographical references (p. 365-382) and index.
906 _a7
_bcbc
_corignew
_d1
_eocip
_f19
_gy-gencatlg
942 _2ddc
_cBK
999 _c42676
_d42676